| 000 | 03198nam a2200337 a 4500 | ||
|---|---|---|---|
| 003 | OSt | ||
| 005 | 20250807094241.0 | ||
| 007 | cr ||||||a|c|a | ||
| 008 | 250225s2024 mx a|||fom||| |01 0 spa d | ||
| 040 | _erda | ||
| 100 | 1 |
_aVásquez Fabián, Iván _9190175 |
|
| 245 | 1 | 0 |
_aPropuesta de silvicultura ecológica para la ordenación de los bosques en la Comunidad de San Miguel del Valle, Villa de Díaz Ordaz, Tlacolula, Oaxaca / _cpor Iván Vásquez Fabián; director de tesis José Amando Gil Vera Castillo; secretario Yolanda Franco Islas; vocal Ángel Leyva Ovalle; suplente Javier Santillán Pérez; suplente Israel Lerma Serna. |
| 264 | 1 |
_aChapingo, México : _bEl autor, _c2024. |
|
| 300 |
_a1 recurso en línea (91 páginas); _bcuadros, figuras. |
||
| 336 |
_2rdacontent _atexto _btxt |
||
| 337 |
_2rdamedia _acomputadora _bc |
||
| 338 |
_2rdacarrier _arecurso en línea _bcr |
||
| 502 |
_bIF _cDICIFO _d2024. _gLIC |
||
| 504 | _aIncluye referencias bibliográficas: páginas 57-62. | ||
| 520 | _aDerivado de las incertidumbres al entorno altamente cambiante del sector forestal y ante los regímenes de perturbación más frecuentes, existen supuestos que la gestión basada en la proyección del crecimiento será exitosa en la producción y el mantenimiento de los servicios y funciones de los ecosistemas. Hecho que da origen a la formulación de la presente propuesta, de tal forma que la premisa central fue diseñar un sistema de aprovechamiento que mantenga la composición, estructura y funcionalidad del ecosistema, mediante el planteamiento de un sistema de ordenación que haga uso y consideración de los factores que actúan en la determinación de la estructura y composición del bosque. La base de la prescripción de tratamientos se centró elementalmente en el mantenimiento y la creación de complejidad, heterogeneidad estructural y funcionalidad a través de un manejo dinámico ecológico, la flora y la fauna ampararán un flujo constante del legado biológico, a través de la creación y conservación de corredores biológicos, también fungirá como banco semillero para la regeneración del bosque. En este sentido, aunque el producto primordial que se quiere obtener es la madera, el aprovechamiento responderá al principio de diversidad, afirmando que una sola especie será capaz de producir dos o más productos con criterio único o múltiple, y con ello los resultados de los tratamientos de silvicultura ecológica harán frente a las condiciones cambiantes mediante un manejo focalizado de la biodiversidad en su estructura como en su composición. | ||
| 650 | 4 |
_aRecursos naturales _xAprovechamiento _995190 |
|
| 650 | 4 |
_aBosques _xConservación _9187168 |
|
| 650 | 4 |
_aMadera _xRendimiento _969626 |
|
| 700 | 0 |
_aVera Castillo, José Amando Gil _eDirector de tesis. _9118764 |
|
| 700 | 1 |
_aFranco Islas, Yolanda _942965 _eSecretario. |
|
| 700 | 1 |
_aLeyva Ovalle, Angel _966584 _eVocal. |
|
| 700 | 1 |
_aSantillán Pérez, Javier _9102430 _eSuplente. |
|
| 700 | 1 |
_aLerma Serna, Israel _966299 _eSuplente. |
|
| 856 |
_uhttp://10.13.5.2/tesis/tl/1812627-2_VASQUEZ_FABIAN_IVAN.pdf _zDESCARGAR PDF |
||
| 942 |
_2Clasificación Universidad Autónoma Chapingo _cTD |
||
| 999 |
_c220492 _d220492 |
||